000 00560nam a22001937a 4500
003 OSt
005 20250612143222.0
008 250612b |||||||| |||| 00| 0 eng d
020 _a9783662664407
040 _aKABU
_cKABU
050 _aQD474
_b.W43 2021
100 _aWeber, Birgit
245 _aCoordination chemistry :
_bbasics and current trends /
_cBirgit Weber
260 _aBerlin, Germany:
_bSpringer Spektrum,
_c2021
300 _axvii, 266p.
504 _aIncludes Bibliographical references
650 _aCoordination compounds
942 _2lcc
_cBK
999 _c20721
_d20720